|
|
|
|
| LEADER |
00000naa a2200000uu 4500 |
| 001 |
vtls011033481 |
| 003 |
SK-MaSNL |
| 005 |
20260302124730.0 |
| 008 |
210909|2002 xo |||||||||||||||||slo| |
| 015 |
|
|
|a SNBRA
|
| 035 |
|
|
|a (urnnbn)urn:nbn:sk:snk:ar-008s1y
|
| 035 |
|
|
|a (uuid)67e0a207-b831-45d3-8955-0b78f4a0c07a
|
| 035 |
|
|
|a urn:nbn:sk:snk-aaunxr
|
| 040 |
|
|
|a SNKBUCL
|b slo
|c SNKBUCL
|e AACR2
|
| 041 |
0 |
|
|a slo
|
| 044 |
|
|
|a xo
|c SK
|
| 100 |
1 |
|
|a Koleňák, Roman,
|d 1973-
|4 aut
|9 189380
|
| 245 |
1 |
0 |
|a FYZIKÁLNO-METALURGICKÉ ASPEKTY SPÁJKOVANIA KERAMICKÝCH MATERIÁLOV S KOVMI
|c Roman Koleňák, Peter Žúbor
|
| 700 |
1 |
|
|a Žúbor, Peter,
|d 1974-
|4 aut
|9 196524
|
| 773 |
0 |
|
|t Špeciálne metódy zvárania a spájkovania materiálov
|d Bratislava : Dom techniky ZSVTS, 2002
|g S. 24-29
|z 8023304739
|
| 958 |
|
|
|a OND
|
| 958 |
|
|
|a article12
|
| 958 |
|
|
|a chapter
|
| 999 |
|
|
|c 1289709
|d 1291639
|